O jovem explorador do mundo (Record no. 68500)

MARC details
000 -LÍDER
campo de controle de tamanho fixo 00294 a2200109 4500
001 - NÚMERO DE CONTROLE
campo de controle 68500
040 ## - FONTE DA CATALOGAÇÃO
Instituição que transcreveu o registro Anchieta - Itaigara
240 10 - TÍTULO UNIFORME
Título uniforme O jovem explorador do mundo
Idioma da obra
245 10 - TÍTULO
Título O jovem explorador do mundo
650 #4 - ASSUNTO--TERMO TÓPICO
Cabeçalho tópico ou nome geográfico Enciclopédias gerais (almanaques,anuários enciclopédicos
942 ## - ELEMENTOS DE ENTRADA ADICIONADOS (KOHA)
Tipo de material Koha Música
Holdings
Situação do descarte Situação das perdas Situação física Não pode ser emprestado Biblioteca de origem Biblioteca atual Data de aquisição Total de empréstimos Número de chamada completo Código de barras Data de último acesso Data do preço efetivo Tipo de material Koha
        Colégio São Paulo Colégio São Paulo 21/11/2023   030 JOV 28/ITA 21/11/2023 21/11/2023 Música